| 000 | 00499nam a2200145 a 4500 | ||
|---|---|---|---|
| 008 | 120416s1995 ||||||||||||||||| || u | ||
| 020 | _a1859080952 | ||
| 050 | _aHF 5627 Cha | ||
| 245 | 1 | 0 | _aACCA rulebook |
| 246 | _aThe Chartered Association of Certified Accountants | ||
| 260 |
_aLondon _bACCA _c1995 |
||
| 300 | _a500p | ||
| 350 | _a0.00 | ||
| 995 |
_D0.00 _FCBU-MAIN LIBRARY (Kitwe) _H1 _I20.00 _M1 _UAVAILABLE _ZAnnex Low-Usage Collection |
||
| 999 |
_c33235 _d33235 |
||